logo

Bir Sreshtho Munshi Abdur Rouf Library
Jhenaidah Cadet College

নওল কিশোরের দরবারে / (Record no. 4480)

MARC details
000 -LEADER
fixed length control field 00560nam a2200205 a 4500
001 - CONTROL NUMBER
JCCL Control Number 4480
003 - CONTROL NUMBER IDENTIFIER
JCCL marc code BD-JhCC
005 - DATE AND TIME OF LATEST TRANSACTION
control field 20171127195032.0
008 - FIXED-LENGTH DATA ELEMENTS--GENERAL INFORMATION
fixed length control field 171127s1981 bg ||||| |||| 00| 0 ben d
035 ## - SYSTEM CONTROL NUMBER
system control number (BD-JhCC)4480
040 ## - CATALOGING SOURCE
Original cataloging agency BD-JhCC
Modifying agency BD-JhCC
041 ## - LANGUAGE CODE
Language code of Book ben
082 ## - DEWEY DECIMAL CLASSIFICATION NUMBER
Classification number 891.4415
Author mark and Year KAM 1981
100 ## - MAIN ENTRY--PERSONAL NAME
Personal name কামাল, সুফিয়া
245 ## - TITLE STATEMENT
Title নওল কিশোরের দরবারে /
Statement of responsibility, etc সুফিয়া কামাল
300 ## - PHYSICAL DESCRIPTION
Pagination 12 p. :
Other physical details ill;
Dimensions 22 cm.
650 ## - SUBJECT ADDED ENTRY--TOPICAL TERM
Topical term or geographic name as entry element Poem
942 ## - ADDED ENTRY ELEMENTS (KOHA)
Source of classification or shelving scheme Dewey Decimal Classification
Koha item type Books
Holdings
Source of classification or shelving scheme Damaged status Not for loan Home library Current library Shelving location Date of accession Cost, normal purchase price Total Checkouts Full call number Barcode Date last seen Copy number Koha item type
Dewey Decimal Classification     JCC Rouf Library JCC Rouf Library General Stacks 10/27/2017 8.00   891.4415 KAM 1981 6248 11/27/2017 C-1 Books

JCC Library | Contacts | JCC Home

Last Update on 23 September 2017
Copyright @ 2017-2020 JCC Rouf Library
Rouf Library, Jhenidah Cadet College (JCC), Bangladesh